[Event "BL2 Sued 1516 (Women)"]
[Site "Germany"]
[Date "2016.02.28"]
[Round "7.5"]
[White "Riegel, Arinna"]
[Black "Schlich, Mara"]
[Result "1-0"]
[WhiteElo "1610"]
[BlackElo "1680"]
[PlyCount "31"]
[EventDate "2015.09.26"]
[EventType "team-tourn"]
[EventRounds "7"]
[EventCountry "GER"]
[SourceTitle "EXT 2017"]
[Source "ChessBase"]
[SourceDate "2016.10.25"]
[SourceVersion "1"]
[SourceVersionDate "2016.10.25"]
[SourceQuality "1"]
[WhiteTeam "Langen (W)"]
[BlackTeam "Mainz Schott (W)"]
[WhiteTeamCountry "GER"]
[BlackTeamCountry "GER"]

1. Nf3 e6 2. g3 d5 3. Bg2 c5 4. d4 Nc6 5. 0-0 cxd4 6. Nxd4 Bc5 7. Nb3 Bd6 8. e4 dxe4 9. Bxe4 Nge7 10. Nc3 0-0 11. Qh5 f5 12. Bg2 a6 13. Be3 b5 14. Rad1 Qc7 15. Bc5 Rd8 16. Bxd6 1-0

[Event "BL2 Sued 1516 (Women)"]
[Site "Germany"]
[Date "2015.12.05"]
[Round "3.6"]
[White "Schlich, Mara"]
[Black "Martin, Elvira"]
[Result "1/2-1/2"]
[WhiteElo "1680"]
[BlackElo "1251"]
[PlyCount "40"]
[EventDate "2015.09.26"]
[EventType "team-tourn"]
[EventRounds "7"]
[EventCountry "GER"]
[SourceTitle "EXT 2017"]
[Source "ChessBase"]
[SourceDate "2016.10.25"]
[SourceVersion "1"]
[SourceVersionDate "2016.10.25"]
[SourceQuality "1"]
[WhiteTeam "Mainz Schott (W)"]
[BlackTeam "Zeulenroda (W)"]
[WhiteTeamCountry "GER"]
[BlackTeamCountry "GER"]

1. d4 d5 2. c4 dxc4 3. e4 c6 4. Bxc4 Nf6 5. Nc3 b5 6. Bb3 b4 7. e5 Nfd7 8. Nce2 e6 9. Nf3 h6 10. 0-0 Nb6 11. Qc2 Nd5 12. Bxd5 cxd5 13. Bd2 Ba6 14. Rfe1 Qb6 15. Rac1 Bb7 16. Qc7 Nc6 17. Qxb6 axb6 18. Ra1 Be7 19. Rec1 0-0 20. Nf4 Kh7 1/2-1/2

[Event "SVR-op 35th"]
[Site "Nickenich"]
[Date "2012.03.31"]
[Round "2"]
[White "Schlich, Mara"]
[Black "Derlich, Manfred"]
[Result "1-0"]
[WhiteElo "1669"]
[BlackElo "1932"]
[PlyCount "107"]
[EventDate "2012.03.30"]
[EventType "swiss"]
[EventRounds "7"]
[EventCountry "GER"]
[SourceTitle "EXT 2013"]
[Source "ChessBase"]
[SourceDate "2012.11.22"]
[SourceVersion "1"]
[SourceVersionDate "2012.11.22"]
[SourceQuality "1"]

1. d4 Nf6 2. c4 g6 3. Nc3 Bg7 4. e4 d6 5. Nge2 0-0 6. Ng3 e5 7. d5 a5 8. Be2 Na6 9. h4 h5 10. Bg5 Qd7 11. Qd2 Ng4 12. Be3 Nxe3 13. Qxe3 Qe7 14. 0-0-0 Kh7 15. Kb1 Bh6 16. Qd3 Nc5 17. Qc2 Bf4 18. Rdf1 Bd7 19. Qd1 b6 20. Bxh5 gxh5 21. Qxh5+ Kg8 22. Nf5 Qf6 23. Kc2 Bxf5 24. exf5 Rfe8 25. f3 Kf8 26. Ne4 Nxe4 27. fxe4 Ke7 28. Qf3 Rh8 29. g3 Bh6 30. g4 Rag8 31. Rfg1 Bg5 32. hxg5 Qxg5 33. Rxh8 Rxh8 34. Rg2 Rh1 35. Kb3 Re1 36. Re2 Rg1 37. Rg2 Re1 38. Re2 Rg1 39. Rg2 Rh1 40. Qe2 Rh3+ 41. Ka4 Re3 42. Qc2 Qf4 43. Re2 Rf3 44. Rg2 Qe3 45. g5 Rg3 46. Rxg3 Qxg3 47. Qd2 Qg4 48. Qd3 Qxg5 49. Kb5 Kd7 50. Qh3 Qf6 51. Qg4 Kc8 52. Kc6 Kb8 53. Qg8+ Ka7 54. Qc8 1-0

[Event "SVR-op 33rd"]
[Site "Mendig"]
[Date "2010.04.02"]
[Round "6"]
[White "Gruschinski, Rainer"]
[Black "Schlich, Mara"]
[Result "1-0"]
[WhiteElo "2024"]
[BlackElo "1599"]
[PlyCount "33"]
[EventDate "2010.03.27"]
[EventType "swiss"]
[EventRounds "7"]
[EventCountry "GER"]
[SourceTitle "EXT 2011"]
[Source "ChessBase"]
[SourceDate "2010.11.26"]
[SourceVersion "1"]
[SourceVersionDate "2010.11.26"]
[SourceQuality "1"]

1. e4 e6 2. d4 d5 3. Nc3 Nf6 4. Bg5 dxe4 5. Nxe4 Be7 6. Bxf6 gxf6 7. Qd2 b6 8. Bb5+ c6 9. Bc4 Bb7 10. Nh3 Na6 11. 0-0-0 Qd7 12. Qe2 Nc7 13. Qh5 Nd5 14. Rhe1 f5 15. Neg5 Bxg5+ 16. Nxg5 Nc7 17. Nxe6 1-0

[Event "RLP-ch MTB 26th"]
[Site "Ludwigshafen"]
[Date "2007.07.14"]
[Round "2"]
[White "Roelle, Philipp"]
[Black "Schlich, Mara"]
[Result "1-0"]
[WhiteElo "1157"]
[BlackElo "1601"]
[PlyCount "111"]
[EventDate "2007.07.13"]
[EventType "swiss"]
[EventRounds "7"]
[EventCountry "GER"]
[SourceTitle "EXT 2009"]
[Source "ChessBase"]
[SourceDate "2008.11.26"]
[SourceVersion "1"]
[SourceVersionDate "2008.11.26"]
[SourceQuality "1"]

1. e4 c5 2. Nf3 g6 3. Nc3 Bg7 4. d3 Nc6 5. Be2 Nf6 6. Be3 b6 7. 0-0 0-0 8. Qd2 Bb7 9. Bh6 a6 10. Bxg7 Kxg7 11. a3 Qc7 12. h3 Rad8 13. Rfd1 d5 14. exd5 Nxd5 15. Nxd5 Rxd5 16. c3 Rfd8 17. Qc2 Ne5 18. Nxe5 Rxe5 19. Rd2 Qc6 20. Bf3 Qc7 21. Bxb7 Qxb7 22. Re2 Red5 23. Rd1 Qd7 24. Red2 c4 25. d4 e5 26. Qe4 f5 27. Qe3 b5 28. f3 Qa7 29. Kf2 exd4 30. Rxd4 Rxd4 31. Rxd4 Rxd4 32. cxd4 Kf7 33. Qe5 Qe7 34. Qd5+ Kg7 35. g3 Qf7 36. Qe5+ Qf6 37. Qc7+ Kh6 38. Qe5 Qxe5 39. dxe5 Kg7 40. f4 Kf7 41. Ke3 Ke6 42. Kd4 h6 43. Kc5 g5 44. Kb6 g4 45. h4 Kd5 46. Kxa6 Ke4 47. e6 Kf3 48. e7 Kxg3 49. e8Q Kh3 50. Qh5 g3 51. Qxf5+ Kh2 52. Qg4 b4 53. axb4 Kg2 54. Kb5 Kh2 55. Kxc4 g2 56. f5 1-0